Ley de Ordenacin̤ del Territorio y Urbanismo de La Rioja

Detalles Bibliográficos
Autor principal: Fernǹdez Maestu, Jos ̌Luis
Formato: Desconocido
Lenguaje:español
Publicado: Madrid : Dijusa, 2008
Materias:
Acceso en línea:Acceso restringido

MARC

LEADER 00000ny a22000003n 4500
005 20110609140655.0
008 070417s2008 sp 000 0 spa d
020 |a 9788495748867 
035 |a 2564 
040 |a UCAR  |d vLex 
080 |a 349.44(049) 
090 |c 619  |d 619 
100 1 |a Fernǹdez Maestu, Jos ̌Luis 
245 1 0 |a Ley de Ordenacin̤ del Territorio y Urbanismo de La Rioja  |h [Recurso electrn̤ico]  |c Jos ̌Luis Fernǹdez Maestu 
256 |a Servicio en ln̕ea 
260 |a Madrid :  |b Dijusa,  |c 2008 
300 |a p. ;  |c cm 
506 1 |a Contenido solo disponible en los productos indicados  |d vLex Global  |d vLex Global (Academic Edition, excluding Law Schools)  |d vLex Global (U.S. Academic Edition, Law Schools)  |d vLex Global (U.S. Academic Edition, excluding Law Schools)  |d vLex Global (Academic Edition, Law Schools) 
650 0 7 |a Administrativo  |2 Tesauro vLex 
650 0 7 |a Urbanizaciones  |2 Tesauro vLex 
650 0 7 |a Inmobiliario y registral  |2 Tesauro vLex 
650 0 7 |a Derecho urbans̕tico  |2 Tesauro vLex 
650 0 7 |a Ordenacin̤ urbana  |2 Tesauro vLex 
650 0 7 |a Ordenacin̤ del territorio  |2 Tesauro vLex 
740 0 |a vLex Libros (Servicios en ln̕ea) 
856 4 0 |u http://vlex.com/source/2564  |z Acceso restringido 
942 |c BOOK 
999 0 |a City planning and redevelopment law  |b Madrid